Pays de A à Z - Statistiques

Statistiques générales
  • Ce quiz a été pris 341 fois
  • Le résultat moyen est 17 sur 26
Statistiques - réponses
Indice Réponse % Correct
Il y a une muraille de 21 196 km dans ce pays Chine
99%
Paris en est la capitale France
99%
On peut y voir les 3 pyramides les plus connus Egypte
96%
On peut y trouver une tour penchée Italie
96%
Le recordman du 100m y est né Jamaïque
91%
Le Christ Rédempteur veille sur ce pays Brésil
87%
Ce pays est célèbre pour ses gratte-ciels de Doha Qatar
83%
Il est le seul parmi les drapeaux qui ne soit pas rectangulaire et à être plus haut que large Népal
76%
Le plus petit pays du monde Vatican
75%
Pays de naissance d'un célèbre dictateur Autriche
72%
Territoire contesté en Europe Kosovo
72%
Groupe de trois pays africain Guinée
71%
Seul pays commençant par cette lettre Yemen
70%
Pays d'Afrique avec comme nom et capitale similaire Djibouti
69%
Seul pays à utiliser le Lempira comme monnaie Honduras
68%
Premier pays à organiser la Coupe du Monde de football Uruguay
66%
Pays d’Afrique australe avec les chutes Victoria Zambie
65%
Un avion de ce pays à disparu Malaisie
59%
A un coq sur son drapeau Ouganda
58%
Archipel paradisiaque de l’océan Indien Seychelles
57%
Fondé par des esclaves affranchis américains Libéria
50%
Pays fictif dont le Roi est connu sous le nom de Black Panther Wakanda
47%
Il est surnommé le ‘pays des mille collines’ Rwanda
43%
L’un des plus petits pays du monde Tuvalu
40%
Les habitants de ce pays sont en moyenne les plus grands du monde Pays-Bas
29%
Ce pays fictif est en réalité une planète située dans la galaxie d’Andromède Xandar
1%
Aucun quiz correspondant
Distribution des résultats
% des personnes avec chaque résultat
Percentile par nombre de réponses
Votre historique - résultats
Vous n’avez pas pris ce quiz